| 000 | 00374nam a2200169Ia 4500 | ||
|---|---|---|---|
| 005 | 20240823061713.0 | ||
| 008 | 240823s9999||||xx |||||||||||||| ||und|| | ||
| 041 | _aENGLISH | ||
| 082 | _A5.133 | ||
| 100 | _aRajaraman V | ||
| 245 | 0 | _aFortran 77 | |
| 260 | _b#VALUE! | ||
| 500 | _aLOST | ||
| 650 |
_aProgramming _bInformation Technology |
||
| 942 | _cBK | ||
| 999 |
_c234154 _d234154 |
||